Loading...
| Fine Arts - Painting and Sculpture | 0 | 3 | 1 | 0 | 25 | 69 | 87.33 | 1 | 2 | 9.55 | 17.50 |
| Literature - World | 0 | 2 | 0 | 1 | 20 | 40 | 91.00 | 0 | 1 | 6.88 | 10.00 |
| Literature - European | 0 | 2 | 0 | 0 | 20 | 119 | 135.00 | 0 | 0 | 2.17 | 5.00 |
| History - American | 0 | 2 | 1 | 0 | 15 | 27 | 45.00 | 2 | 2 | 12.94 | 15.00 |
| Popular Culture | 0 | 1 | 0 | 0 | 10 | 17 | 17.00 | 1 | 1 | 29.23 | 33.33 |
| Fine Arts - Other | 0 | 1 | 0 | 0 | 10 | 26 | 26.00 | 1 | 1 | 8.22 | 10.00 |
| History - World | 0 | 1 | 0 | 0 | 10 | 111 | 111.00 | 0 | 1 | 2.18 | 2.50 |
| Literature - American | 0 | 1 | 0 | 1 | 10 | 144 | 144.00 | 0 | 1 | 0.00 | 5.00 |
| Other Academic | 0 | 1 | 0 | 0 | 10 | 43 | 43.00 | 1 | 1 | 21.08 | 33.33 |
| Philosophy | 0 | 1 | 0 | 1 | 10 | 125 | 125.00 | 1 | 1 | 0.00 | 2.50 |
| History - European | 0 | 0 | 0 | 0 | 0 | 0.00 | 0 | 0 | 0.00 | 0.00 | |
| Literature - British | 0 | 0 | 0 | 0 | 0 | 0.00 | 0 | 0 | 0.00 | 0.00 | |
| Fine Arts - Classical Music | 0 | 0 | 1 | 0 | -5 | 0.00 | 0 | 0 | 0.00 | 0.00 | |
| History - Other | 0 | 0 | 1 | 0 | -5 | 0.00 | 0 | 0 | 0.00 | 0.00 |